Countries with the Most Orange Imports - Statistics

General Stats
  • This quiz has been taken 45 times
  • The average score is 15 of 20
Answer Stats
Rank Import Values Largest Importers % Correct
1. 592.4 Million China
97%
11. 167.2 Million United States
97%
8. 190 Million Canada
95%
2. 486.8 Million France
95%
3. 476.8 Million Germany
95%
6. 221.2 Million United Kingdom
95%
14. 129.5 Million Japan
89%
16. 106.8 Million Italy
86%
5. 276.5 Million Russia
86%
9. 180 Million Spain
86%
7. 220.5 Million South Korea
78%
15. 115.2 Million Poland
76%
13. 130.4 Million Belgium
73%
4. 392.7 Million Netherlands
73%
20. 74.2 Million Portugal
68%
18. 94.5 Million Switzerland
68%
10. 169.7 Million Saudi Arabia
57%
12. 141.6 Million United Arab Emirates
57%
17. 95.6 Million Malaysia
38%
19. 86.5 Million Iraq
30%
No matching quizzes found
Score Distribution
Percent of People with Each Score
Percentile by Number Answered
Your Score History
You have not taken this quiz